000 00757nam a2200205Ii 4500
003 JO-AjNU
008 230605s9999||||xx |||||||||||||| ||und||
040 _aJO-AjNU
_bara
_erda
_cJO-AjNU
041 _aara
050 1 4 _aAE2.I2752.2004
100 3 _aالابشيهي،شهاب الدين ابي الفتح ،الملاذي،سهيل/اختيار وتقديم,
_eauthor
_924643
245 0 0 _aمن المستطرف في كل فن مستظرف:السفر الثاني
250 _aط1
264 3 1 _aدمشق:منشورات وزارة الثقافة،2004
300 _a502ص
336 _atext
_btxt
_2rdacontent
337 _aunmediated
_bn
_2rdamedia
338 _avolume
_bnc
_2rdacarrier
650 4 _aدوائر المعارف العربية 
_924644
999 _aA9107
_c12675
_d12675